| 000 | 01480nam0a2200373 4500 | ||
|---|---|---|---|
| 001 | RU\NLR\bibl\50948 | ||
| 005 | 20250616083946.0 | ||
| 010 |
_a5-237-02357-6 _910000 |
||
| 021 |
_aRU _b99-31720 _91555 |
||
| 035 | _a(NLR Aleph) 000049677 | ||
| 090 |
_a265358 _c265358 |
||
| 100 | _a19991005d1999 |||y0rusy50 ca | ||
| 101 | 1 |
_arus _ceng |
|
| 102 | _aRU | ||
| 105 | _ay ||||||||| | ||
| 200 | 1 |
_aИнтимная жизнь римских пап _eОткров. и непочт. разоблачение рим. епископов от святого Петра до наших дней _fНайджел Которн _g[Пер. с англ. В.А. Гольдича, И.А. Оганесовой] |
|
| 210 |
_aМ. _cАСТ _d1999 |
||
| 215 |
_a366 с. _d21 |
||
| 225 | 1 | _aСлухи, сплетни, скандалы | |
| 300 | _aЗагл. и авт. ориг.: Sex lives of the pops/ Nigel Cawthorne | ||
| 300 | _aНа обл. авт. не указан | ||
| 320 | _aБиблиогр. в подстроч. примеч. | ||
| 454 | 0 |
_12001#$aSex livesof the pops$fNigel Cawthorne _tSex livesof the pops |
|
| 606 | 0 |
_aПапы _jБиографии _92115964 _3RU\NLR\auth\661278304 |
|
| 686 | _aЭ375-601.1 | ||
| 700 | 1 |
_aКоторн _bН. _gНайджел _4070 |
|
| 801 | 0 |
_aRU _bNLR _c19991005 _gPSBO |
|
| 801 | 1 |
_aRU _bNLR _c19991005 |
|
| 852 |
_aNLR _j99-3/11814 |
||
| 942 | _cBOOK | ||
| 980 | _aNB | ||
| 980 | _aSUPPRESS | ||